000 01824cas a2200445 a 4500
999 _c7697
_d7697
001 7697
003 BD-JhCC
005 20180213111236.0
008 750726c19639999ncuar b 0 a0eng c
022 0 _a0065-9142
035 _a(OCoLC)ocm01480319
040 _aMUL
_cMUL
_dYUS
_dOCL
_dIUL
_dNYG
_dHUL
_dCOO
_dAIP
_dOCL
_dNSD
_dOCL
_dDLC
_dNST
_dOCL
_dNSD
_dCUS
_dOCL
_dOCLCQ
_dCDS
_dMUQ
_dCUS
_dNLGGC
_dDLC
_dOCLCQ
_dOCLCF
_dP4I
_dOCLCO
_dJ9U
_dOCLCQ
_dNLC
_dCSJ
041 _aeng
050 0 0 _aPS3
_b.A47
082 1 4 _a810
_211
_bWOO 1965
100 _a woodress, Jaines
245 0 0 _aAmerican literary scholarship /
_cJaines woodress
260 _aDurham, N.C. :
_bDuke University Press,
_c1965-
300 _a549p. :
_c22 cm.
650 0 _aAmerican literature
_xHistory and criticism
_vPeriodicals.
650 0 _aAmerican literature
_xHistory and criticism
_vBibliography
_vPeriodicals.
650 6 _aLittérature américaine
_xHistoire et critique
_vPériodiques.
650 6 _aLittérature américaine
_xHistoire et critique
_vBibliographie
_vPériodiques.
650 7 _aAmerican literature.
650 1 7 _aLetterkunde.
650 1 7 _aAmerikaans.
650 4 _aAmerican literature
_xHistory and criticism
_vBibliography
_vPeriodicals.
655 7 _aBibliography.
_2fast
655 7 _aCriticism, interpretation, etc.
_2fast
655 7 _aPeriodicals.
_2fast
655 7 _aElectronic journals.
_2lcgft
776 1 _tAmerican literary scholarship (Online)
_x1527-2125
_w(DLC)sn 99004681
_w(OCoLC)42432380
776 0 8 _iOnline version:
_tAmerican literary scholarship
_w(OCoLC)565090370
776 0 8 _iOnline version:
_tAmerican literary scholarship
_w(OCoLC)605407528
942 _2ddc
_cBK